|
|
|
|
| LEADER |
00821nam a2200217 a 4500 |
| 001 |
GR-MES1531 |
| 008 |
991111s1991 nyu 000 b eng d |
| 020 |
|
|
|a 0070218706
|
| 040 |
|
|
|a GrPaTEI
|b gre
|c GR-PaULI
|
| 245 |
0 |
0 |
|a Microeconomics and behavior.
|
| 260 |
|
|
|a New York :
|b McGraw-Hill,
|c 1991
|
| 300 |
|
|
|a 694σ. :
|b διαγρ.
|
| 500 |
|
|
|a Περιλαμβάνει ευρετήρια.
|
| 650 |
|
4 |
|a ΜΙΚΡΟΟΙΚΟΝΟΜΙΑ
|
| 650 |
|
4 |
|a ΣΥΜΠΕΡΙΦΟΡΑ ΚΑΤΑΝΑΛΩΤΗ
|
| 700 |
1 |
|
|a Frank, Robert
|
| 710 |
0 |
|
|a McGraw-Hill
|
| 942 |
|
|
|2 ddc
|
| 952 |
|
|
|0 0
|1 0
|2 ddc
|4 0
|6 338_500000000000000_FRA
|7 0
|9 265764
|a MSLG
|b MSLG
|c BSC
|d 2021-01-17
|e 24
|f 0
|g 0.00
|l 0
|o 338.5 FRA
|p 2420000002696
|r 2021-01-17 00:00:00
|t 1
|w 2021-01-17
|y BK15
|x 19991111 0 1
|x GrPaTEI
|
| 971 |
|
|
|a .b25725749
|b 15-04-20
|c 13-09-16
|
| 999 |
|
|
|c 152770
|d 152770
|